Statystyki dla #1 Hity w latach 10 XXI wieku

Kliknij tutaj aby rozwiązać quiz!

Ogólne statystyki

  • Ten quiz został rozwiązany 156 razy
  • Średni wynik to 31 z 67

Statystyki odpowiedzi

#Artysta% Poprawnych
7Rihanna
87%
4Adele
84%
8Katy Perry
84%
2Ed Sheeran
83%
1Lady Gaga and
Bradley Cooper
83%
5Taylor Swift
81%
1Lady Gaga
80%
5Bruno Mars
79%
2Ariana Grande
77%
1Billie Eilish
77%
1Shawn Mendes and
Camila Cabello
77%
1Camila Cabello
75%
3Justin Bieber
73%
4Maroon 5
73%
3Eminem
70%
1Luis Fonsi
70%
1Miley Cyrus
69%
1Sia
68%
1Mariah Carey
65%
4Drake
63%
1Post Malone and
Swae Lee
63%
2Pitbull
62%
3Post Malone
62%
1Justin Timberlake
59%
1Lil Nas X
55%
1Pharrell Williams
53%
4The Weeknd
53%
1Gotye
52%
2Wiz Khalifa
52%
2Ke$ha
49%
1Flo Rida
48%
1John Legend
46%
2LMFAO
45%
2Macklemore
43%
2Travis Scott
41%
1Zayn
41%
1The Chainsmokers
40%
2Cardi B
38%
1Lewis Capaldi
38%
1Magic!
38%
1Meghan Trainor
37%
1Carly Rae Jepsen
36%
1Selena Gomez
35%
1Kendrick Lamar
34%
1XXXTentacion
33%
1Kelly Clarkson
31%
1Lorde
31%
1Mark Ronson
30%
1Childish Gambino
27%
1OMI
27%
3P!nk
27%
1Robin Thicke
27%
1Halsey
26%
1Fun
23%
1Desiigner
20%
1Iggy Azalea
20%
1Migos
17%
1Taio Cruz
15%
1Britney Spears
14%
1Rae Sremmurd
13%
1DJ Khaled
9%
1The Black Eyed Peas
9%
1Usher
8%
1Lizzo
7%
1B.o.B
5%
1Far East Movement
5%
1Baauer
4%

Rozkład punktacji

Percentyl według liczby udzielonych odpowiedzi

Procent ludzi z każdym wynikiem

Twoja historia wyników

Nie rozwiązałeś tego quizu